Statistics for Barcelona El Prat (BCN) Airport Destinations

Click here to take the quiz!

General Stats

  • This quiz has been taken 256 times
    (227 since last reset)
  • The average score is 136 of 197

Answer Stats

Airline/sDestination% Correct
Air Europa, Iberia, VuelingMadrid
99%
American Airlines, Delta Airlines, LevelNew York (John F. Kennedy)
96%
easyJet, VuelingLondon (Gatwick)
95%
British AirwaysLondon (Heathrow)
95%
easyJet, RyanairLondon (Luton)
95%
RyanairLondon (Stansted)
95%
Aer Lingus, Ryanair, VuelingDublin
93%
Ryanair, TAP Air Portugal, VuelingLisbon
93%
Air France, easyJet, VuelingParis (Charles de Gaulle)
93%
Transavia, VuelingParis (Orly)
93%
easyJet, KLM, Transavia, VuelingAmsterdam
92%
Norwegian Air Shuttle, Scandinavian Airlines, VuelingOslo
92%
RyanairRome (Ciampino)
92%
Alitalia, Ryanair, VuelingRome (Fiumicino)
92%
Aegean Airlines, Ryanair, VuelingAthens
91%
Finnair, Norwegian Air Shuttle, VuelingHelsinki
91%
S7 Airlines, Ural AirlinesMoscow (Domodedovo)
91%
AeroflotMoscow (Sheremetyevo)
91%
Eurowings, Norwegian Air Shuttle, Ryanair, VuelingStockholm (Arlanda)
91%
American AirlinesMiami
90%
Swiss International Airlines, VuelingZurich
90%
Etihad AirwaysAbu Dhabi
89%
EgyptAirCairo
89%
EmiratesDubai (International)
89%
Air ChinaBeijing (Capital)
88%
easyJet, Ryanair, VuelingBerlin
88%
Brussels Airlines, Ryanair, VuelingBrussels
88%
Air Arabia Maroc, Royal Air MarocCasablanca
88%
Norwegian Air Shuttle, VuelingCopenhagen
88%
Lufthansa, VuelingMunich
88%
airBaltic, RyanairRiga
88%
Ryanair, Wizz AirBudapest
87%
Lufthansa, RyanairFrankfurt
87%
Turkish AirlinesIstanbul
87%
Pegasus AirlinesIstanbul (Sabiha Gokcen)
87%
Ryanair, VuelingMalaga
87%
easyJet, Jet2.com, Ryanair, VuelingManchester (UK)
87%
Ryanair, VuelingPorto
87%
LOT Polish Airlines, Wizz AirWarsaw (Chopin)
87%
easyJet, Swiss International Airlines, VuelingGeneva
86%
Blue AirMilan (Linate)
86%
easyJet, VuelingMilan (Malpensa)
86%
Ryanair, VuelingNaples
86%
Ryanair, VuelingSeville
86%
Ryanair, VuelingTenerife (North)
86%
Ryanair, VuelingTenerife (South)
86%
Blue Air, TAROM, Wizz AirBucharest
85%
Austrian Airlines, Ryanair, Vueling, Wizz AirVienna
85%
VuelingBilbao
84%
Ryanair, VuelingEdinburgh
84%
VuelingMarseille
84%
Bulgaria Air, Ryanair, Wizz AirSofia
84%
VuelingValencia
84%
Croatia Airlines, VuelingZagreb
84%
VuelingAlicante
83%
Eurowings, VuelingDusseldorf
83%
easyJetGlasgow
83%
RyanairGlasgow (Prestwick)
83%
Ryanair, SkyUpKiev (Boryspil)
83%
VuelingKiev (Zhuliany)
83%
Ryanair, Wizz AirKrakow
83%
Czech Airlines, easyJet, Eurowings, Ryanair, VuelingPrague
83%
Arkia, El Al, Israir Airlines, VuelingTel Aviv
83%
Air Canada, Air Transat, WestJetToronto (Pearson)
83%
American AirlinesChicago (O'Hare)
82%
Qatar AirwaysDoha
82%
Eurowings, Ryanair, VuelingHamburg
82%
easyJet, VuelingLyon
82%
Air Algerie, VuelingAlgiers
81%
Ryanair, VuelingIbiza
81%
RossiyaSaint Petersburg (Pulkovo)
81%
LevelSantiago de Chile
81%
Ryanair, VuelingSantiago de Compostela
81%
Tunisair, VuelingTunis
81%
Ryanair, VuelingVenice
81%
United AirlinesWashington (Dulles)
81%
Delta AirlinesAtlanta
80%
Aeromexico, EmiratesMexico City
80%
easyJet, VuelingNice
80%
RyanairRabat
80%
Royal JordanianAmman (Queen Alia)
79%
easyJetBelfast (International)
79%
Cathay PacificHong Kong
79%
Air Canada, Air TransatMontreal (Trudeau)
79%
Air ChinaShanghai (Pudong)
79%
Vueling, Wizz AirBelgrade
78%
LevelBoston
78%
Singapore AirlinesSingapore
78%
Norwegian Air Shuttle, VuelingBergen
77%
Ryanair, VuelingTurin
77%
Jet2.com, Ryanair, VuelingBirmingham (UK)
76%
VuelingFlorence
76%
easyJet, RyanairLiverpool
76%
Luxair, RyanairLuxembourg
76%
Asiana Airlines, Korean AirSeoul (Incheon)
76%
Ryanair, VuelingPalermo
75%
easyJet, VuelingBasel/Mulhouse
74%
AviancaBogota
74%
LevelBuenos Aires (Ezeiza)
74%
VuelingBordeaux
73%
Eurowings, RyanairCologne/Bonn
73%
VuelingNewcastle upon Tyne
73%
American AirlinesPhiladelphia
73%
VuelingTirana
73%
VuelingBari
71%
VuelingCatania
71%
VuelingFaro
71%
Ryanair, VuelingMalta
71%
BelaviaMinsk
71%
Eurowings, VuelingStuttgart
71%
Air Arabia Maroc, RyanairFez
70%
TransaviaRotterdam/The Hague
70%
Iran AirTehran (Imam Khomeini)
70%
Ryanair, VuelingGran Canaria
69%
Ryanair, VuelingMenorca
69%
RyanairTallinn
69%
easyJet, RyanairBristol
68%
Air Europa, Ryanair, VuelingPalma de Mallorca
67%
Air Arabia Maroc, Royal Air Maroc, VuelingTangier
67%
VuelingDubrovnik
66%
Jet2.comLeeds/Bradford
66%
Ryanair, VuelingVigo
66%
VuelingA Coruna
65%
VuelingGranada
65%
Air Arabia Maroc, Royal Air Maroc, Ryanair, VuelingMarrakech
65%
Volotea, VuelingNantes
65%
United AirlinesNewark
65%
PLAY, VuelingReykjavik (Keflavik)
65%
VuelingSplit
65%
LOT Polish AirlinesWroclaw
65%
Ryanair, VuelingBologna
64%
VuelingGenoa
64%
Wizz AirGdansk
63%
VuelingPisa
63%
easyJetSalzburg
63%
Ryanair, VuelingHeraklion
62%
VuelingSantorini
61%
VuelingBeirut
60%
Ryanair, VuelingLanzarote
60%
SkyUpLviv
60%
Wizz AirChisinau
59%
Ryanair, VuelingFuerteventura
59%
Ryanair, VuelingGothenburg
59%
LOT Polish Airlines, Wizz AirKatowice
59%
VuelingMurcia
59%
LevelCancun
58%
LevelSan Francisco
58%
VuelingCagliari
57%
Air Algerie, VuelingOran
57%
Ryanair, VuelingSantander
57%
Volotea, VuelingVerona
57%
Ryanair, VuelingCorfu
56%
Ryanair, TransaviaEindhoven
56%
Ryanair, SkyUpOdessa
56%
VuelingAlmeria
55%
VuelingHannover
55%
VuelingMykonos
54%
VuelingSan Sebastian
54%
Blue Air, Wizz AirCluj
53%
RyanairRhodes
52%
VoloteaStrasbourg
52%
RyanairBergamo
51%
Wizz AirSkopje
51%
VuelingLarnaca
50%
VuelingRennes
50%
RyanairAgadir
49%
Iberia RegionalBadajoz
48%
VuelingDakar (Diass)
48%
Ryanair, VuelingLa Palma
48%
Norwegian Air Shuttle, VuelingStavanger
47%
SkyUpKharkiv
46%
RyanairPodgorica
46%
VuelingAalborg
43%
Ryanair, VuelingBillund
43%
Blue Air, Wizz AirIasi
43%
RyanairCharleroi
42%
Ryanair, VuelingValladolid
42%
Georgian AirwaysYerevan
42%
RyanairBrindisi
38%
Wizz AirVarna
37%
VuelingAsturias
36%
Iberia RegionalLeon
36%
Air Arabia Maroc, Royal Air Maroc, Ryanair, VuelingNador
36%
VuelingTimisoara
35%
RyanairEast Midlands
34%
Ryanair, VuelingJerez de la Frontera
33%
RyanairBeauvais
26%
Iberia RegionalBurgos
22%
Blue AirBacau
20%
SkyUpZaporizhzhia
18%
VuelingAncona
17%
VuelingBanjul
13%
Wizz AirKutaisi
13%
RyanairMaastricht
13%
Atlantic AirwaysVagar
11%
VuelingNuremburg
9%
RyanairOudja
7%

Score Distribution

Percentile by Number Answered

Percent of People with Each Score

Your Score History

You have not taken this quiz since the last reset